00497nam a2200181 a 45000010010000000030011000100080041000210200015000620350026000771000020001032450054001232500016001772600042001933000015002355000017002506500018002678560030002850001-1129ELIB.Books150504 2010 eng  a0192830574 a(ELIB.Books)0001-1284 aNeill, Stephen. aThe Interpretation of the New Testament 1861-1986 aNew Edition aOxfordbOxford University Pressc1963 a462c20 Cm aC/o Moe Lwei aNew Testament nKBTS: LibraryuKBTS: Elib